Countries by Clue A-Z - Statistics

General Stats
  • This quiz has been taken 1,991 times
  • The average score is 21 of 24
Answer Stats
Hint Answer % Correct
D Controls the Faroe Islands Denmark
96%
G Also a U.S State Georgia
96%
J Island south of Cuba Jamaica
96%
C Northernmost country in South America Colombia
95%
Q Hosting 2022 World Cup Qatar
95%
Y Only "Y" Country Yemen
94%
K Newest European country Kosovo
93%
N Home to Kiwis New Zealand
93%
O Has the city of Salalah Oman
93%
H Experienced a massive earthquake in 2010 Haiti
92%
Z North of the Zambezi River Zambia
91%
I Where Columbus was born Italy
89%
P Used to control Angola Portugal
89%
F Formerly part of the Russian Empire Finland
88%
R Smallest "R" Country Rwanda
88%
T Split between two continents Turkey
88%
B North American archipelago Bahamas
87%
V Home to Lake Maracaibo Venezuela
86%
U Doubly Landlocked Uzbekistan
84%
E Portuguese speaking Asian country East Timor
83%
A Largest country that begins with, but does not end with, "A" Afghanistan
78%
L The Capital is named for a U.S president Liberia
78%
S Speaks Dutch Suriname
73%
M Shortest coastline of any non-landlocked country Monaco
72%
No matching quizzes found
Score Distribution
Percent of People with Each Score
Percentile by Number Answered
Your Score History
You have not taken this quiz